Top 10 deutscheste US-Staaten - Statistiken

Allgemein
  • Dieses Quiz wurde 58 mal gespielt
  • Das Durchschnittsergebnis liegt bei 5 aus 10
Antwortstatistiken
% Staat % Korrekt
21.1 Ohio
74%
33.2 North Dakota
54%
31.8 South Dakota
54%
29.2 Iowa
50%
21.0 Pennsylvania
50%
22.5 Kansas
48%
27.8 Minnesota
44%
33.7 Wisconsin
44%
22.6 Montana
43%
29.4 Nebraska
31%
Keine übereinstimmenden Quizze gefunden
Verteilung der Resultate
Anzahl Personen mit jedem Resultat
Perzentil nach korrekt beantworteten Fragen
Ihre Resultats-Entwicklung
Sie haben dieses Quiz noch nicht gespielt